| 000 | 01030nam a2200277 a 4500 | ||
|---|---|---|---|
| 001 | BRL_837 | ||
| 005 | 20190320210922.0 | ||
| 008 | 151013s1995----mx-a######---#000-0#spa-# | ||
| 020 | _a9686272089 | ||
| 041 | _aspaeng | ||
| 044 | _amx | ||
| 050 | 4 |
_aNK844 _b.A45 1995 |
|
| 100 | 1 |
_aAmith, Jonathan D. _925092 |
|
| 245 | 1 | 0 |
_aLa Tradición del Amate _bInnovación y Protesta en el Arte Mexica = The amate tradition : innovation and dissent in mexican art _cJonathan D. Amith, dir.-redactor / ed. |
| 260 |
_aMéxico : Chicago _bLa Casa de las Imágenes : Mexican Fine Arts Center Museum _c1995 |
||
| 300 |
_a168 p. _bil. _c29 cm. |
||
| 500 | _aAu903 | ||
| 500 | _aTexto en: español e inglés | ||
| 500 | _aIncluye dedicatoria a Ruth Lechuga | ||
| 650 | 1 | 4 |
_aArte popular _xExposiciones _zMéxico _925093 |
| 650 | 1 | 4 |
_aArte azteca _xExposiciones _925094 |
| 650 | 1 | 4 |
_aIndígenas de México _xArte - Exposiciones _925095 |
| 740 | 0 | _aThe amate tradition : innovation and dissent in Mexican art | |
| 902 | _aGRL | ||
| 942 |
_2lcc _cB |
||
| 999 |
_c9649 _d9649 |
||